000 00286nam a2200109Ia 4500
008 200302s9999 xx 000 0 und d
100 _aDuo Dickinson
245 _aSmall Houses for the Next Century 2nd ed.
260 _bTata Mcgraw-Hill Publishing Co.
260 _c1995
300 _a244 P.,
999 _c966
_d966